Nasarawa state university law journal (Record no. 38500)

MARC details
000 -LEADER
fixed length control field 00402nam a2200157Ia 4500
022 ## - INTERNATIONAL STANDARD SERIAL NUMBER
ISSN 20066018
050 ## - CALL MARK
Classification number K1 .N119/
245 #0 - TITLE STATEMENT
Title Nasarawa state university law journal
260 ## - PUBLICATION, DISTRIBUTION, ETC. (IMPRINT)
Place of publication Nasarawa
260 ## - PUBLICATION, DISTRIBUTION, ETC. (IMPRINT)
Name of publisher Faculty of law, Nasarawa state University.
260 ## - PUBLICATION, DISTRIBUTION, ETC. (IMPRINT)
Year of publication 2012
300 ## - PHYSICAL DESCRIPTION
Number of Pages ix, 210 p. ; 26 cm.
942 ## - ADDED ENTRY ELEMENTS (KOHA)
Koha item type Serials

No items available.